Emergencia económica y teoría del derecho /

Guardado en:
Autor Principal: Guibourg, Ricardo
Autor Corporativo: La Ley
Otros Autores: Rabbi - Baldi Cabanillas, Renato, Barcesat, Eduardo S., Vernengo, Roberto J., Cianciardo, Juan, Ciuro Caldani, Miguel Angel, Guarinoni, Ricardo V., Russo, Eduardo A.
Formato: Libro
Idioma:Spanish
Publicado: Buenos Aires : La Ley, 2003
Materias:
Etiquetas: Agregar Etiqueta
Sin Etiquetas, Sea el primero en etiquetar este registro!
LEADER 00853nam a22002415a 4500
001 DER.der003038
005 20061220000000.0
008 180615s2003####||||||||||||||||||||spa||
100 1 |a Guibourg, Ricardo 
245 1 0 |a Emergencia económica y teoría del derecho /  |c Ricardo Guibourg , Renato Rabbi - Baldi Cabanillas, Eduardo S. Barcesat, Roberto J. Vernengo 
260 |a Buenos Aires :  |b La Ley,  |c 2003 
300 0 |a 276 p. 
500 0 |a Suplemento especial de la revista judicial La Ley 
653 |a INTRODUCCION AL DERECHO 
700 1 |a Rabbi - Baldi Cabanillas, Renato 
700 1 |a Barcesat, Eduardo S. 
700 1 |a Vernengo, Roberto J. 
700 1 |a Cianciardo, Juan 
700 1 |a Ciuro Caldani, Miguel Angel 
700 1 |a Guarinoni, Ricardo V. 
700 1 |a Russo, Eduardo A. 
710 1 |a La Ley 
859 |a DERECHO  |b BIB. DERECHO  |h 340.11  |i GIU  |p 000505